<?xml version="1.0" encoding="UTF-8"?>
<record
    xmlns:xsi="http://www.w3.org/2001/XMLSchema-instance"
    xsi:schemaLocation="http://www.loc.gov/MARC21/slim http://www.loc.gov/standards/marcxml/schema/MARC21slim.xsd"
    xmlns="http://www.loc.gov/MARC21/slim">

  <leader>01371nam a2200229Ia 4500</leader>
  <controlfield tag="003">IT-RoPAU</controlfield>
  <controlfield tag="005">20220918175644.0</controlfield>
  <controlfield tag="008">120407s9999    xx            000 0 und d</controlfield>
  <datafield tag="040" ind1=" " ind2=" ">
    <subfield code="a">IT-RoPAU</subfield>
  </datafield>
  <datafield tag="040" ind1=" " ind2=" ">
    <subfield code="c">IT-RoPAU</subfield>
  </datafield>
  <datafield tag="041" ind1=" " ind2=" ">
    <subfield code="a">ita</subfield>
  </datafield>
  <datafield tag="100" ind1=" " ind2=" ">
    <subfield code="a">Alberione, Giacomo</subfield>
    <subfield code="c">ssp</subfield>
    <subfield code="9">14</subfield>
  </datafield>
  <datafield tag="245" ind1=" " ind2=" ">
    <subfield code="a">Alle Suore di Ges&#xF9; Buon Pastore 1957</subfield>
    <subfield code="b">Trascrizioni delle meditazioni e istruzioni di Don Giacomo Alberione riprese su nastro magnetico</subfield>
  </datafield>
  <datafield tag="250" ind1=" " ind2=" ">
    <subfield code="a">1&#xB0; ed.</subfield>
  </datafield>
  <datafield tag="260" ind1=" " ind2=" ">
    <subfield code="a">Roma</subfield>
    <subfield code="b">Casa Generalizia Suore di Ges&#xF9; Buon Pastore</subfield>
    <subfield code="c">1984</subfield>
  </datafield>
  <datafield tag="300" ind1=" " ind2=" ">
    <subfield code="c">18,5 cm</subfield>
    <subfield code="a">316 p.</subfield>
  </datafield>
  <datafield tag="490" ind1=" " ind2=" ">
    <subfield code="a">Opera Omnia (serie rossa)</subfield>
  </datafield>
  <datafield tag="490" ind1=" " ind2=" ">
    <subfield code="v">9 / 1</subfield>
  </datafield>
  <datafield tag="520" ind1=" " ind2=" ">
    <subfield code="a">INDICE GENERALE
I.Esercizi spirituali;
II.Il peccato;
III.Riconciliazione;
IV.Per chi viviamo;
V.Conoscere il Signore;
VI.Vivere come...;
VII.La Direzione spirituale;
VIII.La meditazione;
IX.Visita Eucaristica;
X.Problema vocazionario;
XI.Formazione;
XII.Fede;
XIII.Mente, volont&#xE0; e cuore a Dio;
XIV.Povert&#xE0; e lavoro;
XV.Parroci e Pastorelle;
XVI.Progredire;
XVII.Fidarsi di Dio;
XVIII.Rosario: misteri gaudiosi;
XIX.Rosario: misteri dolorosi;
XX.Rosario: misteri gloriosi;
XXI.Festa dei santi;
XXII.Attente tibi;
XXIII.Apostolato;
XXIV.In preparazione al Natale;
XXV.Darsi per tempo a Dio;
XXVI.Testimoni dell'eternit&#xE0;;
XXVII.Verginit&#xE0; di mente e di cuore;
XXVIII.Ges&#xF9; Via, Verit&#xE0; e Vita.</subfield>
  </datafield>
  <datafield tag="942" ind1=" " ind2=" ">
    <subfield code="c">BK</subfield>
    <subfield code="2">ddc</subfield>
  </datafield>
  <datafield tag="999" ind1=" " ind2=" ">
    <subfield code="c">23568</subfield>
    <subfield code="d">23568</subfield>
  </datafield>
  <datafield tag="952" ind1=" " ind2=" ">
    <subfield code="0">0</subfield>
    <subfield code="1">0</subfield>
    <subfield code="2">ddc</subfield>
    <subfield code="4">0</subfield>
    <subfield code="6">P_A5</subfield>
    <subfield code="7">1</subfield>
    <subfield code="a">PAULUS</subfield>
    <subfield code="b">PAULUS</subfield>
    <subfield code="d">2012-12-12</subfield>
    <subfield code="l">0</subfield>
    <subfield code="o">P A5</subfield>
    <subfield code="r">2012-12-12 00:00:00</subfield>
    <subfield code="w">2012-12-12</subfield>
    <subfield code="y">BK</subfield>
  </datafield>
  <datafield tag="952" ind1=" " ind2=" ">
    <subfield code="0">0</subfield>
    <subfield code="1">0</subfield>
    <subfield code="2">ddc</subfield>
    <subfield code="4">0</subfield>
    <subfield code="6">P_A5</subfield>
    <subfield code="7">1</subfield>
    <subfield code="a">PAULUS</subfield>
    <subfield code="b">PAULUS</subfield>
    <subfield code="d">2012-12-14</subfield>
    <subfield code="l">0</subfield>
    <subfield code="o">P A5</subfield>
    <subfield code="r">2012-12-14 00:00:00</subfield>
    <subfield code="w">2012-12-14</subfield>
    <subfield code="y">BK</subfield>
  </datafield>
</record>
